| 000 | 00589nam a2200205Ia 4500 | ||
|---|---|---|---|
| 005 | 20260429112053.0 | ||
| 008 | 260429s9999||||xx |||||||||||||| ||und|| | ||
| 020 | _a9781836595113 | ||
| 041 | _aEnglish | ||
| 082 |
_a025.002 _bWAR |
||
| 100 | _aWard, Ricardo | ||
| 245 | 0 |
_aRobotic systems in libraries : _binnovations in automation and efficiency / _cRicardo Ward |
|
| 250 | _a1st ed. | ||
| 260 |
_aNew Delhi : _bETP ED- Tech Press, _c2026. |
||
| 300 | _ax, 260 p.; hb | ||
| 650 | _a Information technology | ||
| 650 | _a Robotics | ||
| 650 | _aLibrary automation | ||
| 942 | _cTB | ||
| 999 |
_c52189 _d52189 |
||